Statistiques concernant [Ligue 1] Les pays les plus représentés

Cliquez ici pour prendre le quiz!

Statistiques générales

  • Ce quiz a été pris 367 fois
  • Le résultat moyen est 15 sur 20

Statistiques - réponses

Nombre de joueursPays% Correct
233France
100%
22Brésil
95%
4Espagne
95%
6Algérie
92%
4Italie
92%
7Maroc
91%
7Argentine
89%
9Belgique
88%
7Portugal
88%
16Sénégal
87%
7Tunisie
85%
15Côte d'Ivoire
73%
4Pays-Bas
73%
8Cameroun
71%
8Mali
70%
3Suède
60%
3Colombie
53%
4Guinée
40%
4Afrique du Sud
21%
3Cap-Vert
7%

Distribution des résultats

Percentile par nombre de réponses

% des personnes avec chaque résultat

Votre développement - résultats

Vous n’avez pas pris ce quiz